000 01341nam a2200421 i 4500
001 vtls000613991
003 PNM
005 20200603111814.0
008 100608s2014 my a e | 000 0 may
015 _aM10-06801
020 _a9789831245736
_cRM10.00
_qpaperback
039 9 _a201201061705
_bzuraidahs
_c201010141512
_danisatul
_c201010071449
_dnooraini
_c201008251128
_dnorsyahiza
040 _aBNM
_cPNM
_beng
_erda
049 _aklpmal
082 0 4 _a158.1
_222
090 0 0 _a158.1
_bHMT
_dG
100 0 _aH. M. Tuah Iskandar,
_cDr.,
_d1960-
_eauthor.
245 1 0 _aJom MANTOP /
_cDR. HM TUAH ISKANDAR al-Haj ; Editor Fadzilah Jabar
264 1 _aShah Alam, Selangor :
_bGRUP BUKU KARANGKRAF SDN. BHD.,
_c2014
300 _a239 pages :
_billustrations ;
_c19 cm
336 _2rdacontent
_atext
337 _2rdamedia
_aunmediated
338 _2rdacarrier
_avolume
650 1 0 _aSelf-actualization (Psychology)
650 2 0 _aSuccess
_xPsychological aspects
700 0 _aFadzilah Jabar,
_eeditor.
942 _2ddc
_cB
949 _62000435119
_a158.1 HMT M
949 _62000435120
_a158.1 HMT M
949 _62000450400
_a158.1 HMT M
949 _62000450401
_a158.1 HMT M
949 _61000767426
949 _61000767427
949 _61000767428
949 _61000767429
949 _61000767430
949 _61000767431
999 _c177373
_d177373